[Event "Nezhmetdinov Memorial 39th"]
[Site "Kazan"]
[Date "2017.06.08"]
[Round "9"]
[White "Khaziev, Almir"]
[Black "Belov, Aleksei"]
[Result "0-1"]
[WhiteElo "1897"]
[BlackElo "1625"]
[PlyCount "70"]
[EventDate "2017.05.31"]
[EventType "swiss"]
[EventRounds "9"]
[EventCountry "RUS"]
[SourceTitle "EXT 2018"]
[Source "ChessBase"]
[SourceDate "2017.10.13"]
[SourceVersion "1"]
[SourceVersionDate "2017.10.13"]
[SourceQuality "1"]

1. e4 c5 2. c4 d6 3. Nc3 Nc6 4. g3 g6 5. Bg2 Bg7 6. d3 e6 7. Nge2 Nge7 8. 0-0 0-0 9. Be3 Nd4 10. Bxd4 cxd4 11. Nb1 Rb8 12. a4 a6 13. Nd2 Bd7 14. Qc2 Qc7 15. Ra3 Rfc8 16. Rfa1 Nc6 17. a5 Nb4 18. Qb1 b5 19. axb6 Rxb6 20. Nb3 e5 21. Na5 Rcb8 22. b3 Bh6 23. f4 Bg4 24. Nc1 exf4 25. h3 f3 26. Bf1 Be3+ 27. Kh1 d5 28. Qb2 Bxh3 29. Na2 Qxg3 30. Qh2 Bg2+ 31. Bxg2 Qxg2+ 32. Qxg2 fxg2+ 33. Kxg2 Nc2 34. Nc3 dxc3 35. exd5 Nxa3 0-1

[Event "Nezhmetdinov Memorial 39th"]
[Site "Kazan"]
[Date "2017.06.04"]
[Round "5"]
[White "Belov, Aleksei"]
[Black "Asatryan, Gor"]
[Result "1-0"]
[WhiteElo "1625"]
[BlackElo "1955"]
[PlyCount "73"]
[EventDate "2017.05.31"]
[EventType "swiss"]
[EventRounds "9"]
[EventCountry "RUS"]
[SourceTitle "EXT 2018"]
[Source "ChessBase"]
[SourceDate "2017.10.13"]
[SourceVersion "1"]
[SourceVersionDate "2017.10.13"]
[SourceQuality "1"]

1. e4 c5 2. Nf3 g6 3. d4 cxd4 4. Nxd4 Bg7 5. Nc3 Nc6 6. Be3 Nf6 7. Be2 0-0 8. Nb3 d6 9. 0-0 Be6 10. f4 Qc8 11. Kh1 Rd8 12. Bg1 h5 13. Qe1 Nb4 14. Qg3 Bc4 15. Bxc4 Qxc4 16. Nd2 Qc7 17. a3 Nc6 18. Rae1 d5 19. e5 Ng4 20. e6 fxe6 21. Rxe6 Kf7 22. Rfe1 Bh6 23. Qd3 Nf6 24. Nb5 Qd7 25. Qg3 a6 26. Nd4 Nxd4 27. Bxd4 Re8 28. f5 gxf5 29. Nf3 Qb5 30. Qe5 Bg7 31. Qxf5 Rac8 32. Nh4 Qa4 33. Qg6+ Kf8 34. Nf5 Bh8 35. Qh6+ Kg8 36. Qg6+ Kf8 37. Nh6 1-0